Famiglia e parentela nell'eta moderna /
Gespeichert in:
| 1. Verfasser: | |
|---|---|
| Format: | Buch |
| Sprache: | Italienisch |
| Veröffentlicht: |
Roma :
Carocci,
2009
|
| Schriftenreihe: | Le bussole ;
377 |
| Schlagworte: | |
| Tags: |
Keine Tags, Fügen Sie das erste Tag hinzu!
|
MARC
| LEADER | 00000nam a22000007i 4500 | ||
|---|---|---|---|
| 001 | IT\ICCU\UBO\3721857 | ||
| 003 | ItRI | ||
| 005 | 20260115232104.0 | ||
| 008 | 091117s2009 it |||||| ||||| |||||c | ||
| 020 | |a 9788843051571 | ||
| 040 | |b ita |c importazione bologna sebina | ||
| 041 | 7 | |a ita |2 ISO-639-2 | |
| 082 | |a 306.8509 |9 FAMIGLIA. Storia, geografia, persone |2 21 | ||
| 100 | 1 | |a Casanova, Cesarina |0 IT\ICCU\CFIV\053292 |4 aut | |
| 240 | 1 | 0 | |a Famiglia e parentela nell'eta moderna |3 IT\ICCU\VIA\0352395 |9 Casanova, Cesarina |
| 245 | 1 | 0 | |a Famiglia e parentela nell'eta moderna / |c Cesarina Casanova. |
| 260 | |a Roma : |b Carocci, |c 2009 | ||
| 300 | |a 124 p. ; |c 20 cm. | ||
| 650 | 7 | |a Famiglia |x Storia |2 scbi | |
| 650 | 7 | |a Parentela |x Storia |2 scbi | |
| 830 | 3 | |a Le bussole ; |v 377 |0 IT\ICCU\RAV\0751828 | |
| 942 | |2 ddc |c BK |n 0 | ||
| 952 | |0 0 |1 0 |4 0 |6 DOC_306_850000000000000_CAS |7 0 |9 19822 |a BO |b BO |d 2026-01-15 |i 13673 |l 0 |o DOC 306.850 CAS |p BO13673 |r 2026-01-15 23:21:04 |w 2026-01-15 |x [Sebina 5] [1 v.] |y BK |z 1 v. | ||
| 999 | |c 16897 |d 16897 | ||